10 Safest States in the USA - Statistics

General Stats
  • This quiz has been taken 1,169 times
  • The average score is 7 of 10
Answer Stats
Rank State % Correct
5 Maine
89%
1 Vermont
86%
3 New Hampshire
81%
4 Rhode Island
80%
6 Connecticut
66%
10 Iowa
58%
2 Massachusetts
58%
9 Utah
56%
7 Minnesota
50%
8 Virginia
48%
No matching quizzes found
Score Distribution
Percent of People with Each Score
Percentile by Number Answered
Your Score History
You have not taken this quiz